World Of Career And Competition (Record no. 201211)

MARC details
000 -LEADER
fixed length control field 00345nam a2200097 4500
008 - FIXED-LENGTH DATA ELEMENTS--GENERAL INFORMATION
fixed length control field 240305b |||||||| |||| 00| 0 eng d
245 ## - TITLE STATEMENT
Title World Of Career And Competition
Statement of responsibility, etc Editied by Alok Kumar Gupta
260 ## - PUBLICATION, DISTRIBUTION, ETC. (IMPRINT)
Place of publication, distribution, etc 12-H, New Daryaganj road, new delhi
Name of publisher, distributor, etc Ramesh publishing house
Date of publication, distribution, etc 28th december, 2023
300 ## - PHYSICAL DESCRIPTION
Extent no. 1
Dimensions 24cm
942 ## - ADDED ENTRY ELEMENTS (KOHA)
Source of classification or shelving scheme Dewey Decimal Classification
Item type Periodicals
Call number suffix WOR
Serial record 1

No items available.


© Delhi Public Library
Hit Counter
free hit counter